Výber vhodného sorbentu pre extrakciu pantenolu zo zložitých vzoriek pre následnú separáciu vysokoúčinnou kvapalinovou chromatografiou

Gespeichert in:
Bibliographische Detailangaben
1. Verfasser: Šimková, Barbora (Verfasst von)
Weitere Verfasser: Hroboňová, Katarína (Betreuung Doktorarbeit)
Format: Manuskript Buch
Sprache:Slowakisch
Veröffentlicht: 2020
Schlagworte:
Online-Zugang:http://is.stuba.sk/zp/portal_zp.pl?podrobnosti=144974
Tags: Tag hinzufügen
Keine Tags, Fügen Sie das erste Tag hinzu!

MARC

LEADER 00000ntm a22000003a 4500
001 stuzp78590
003 SK-STU
005 20200718211029.4
007 ta
008 150427s2015----xo-----f-mn---000-0-slo-d
040 |a STU  |b slo 
041 0 |a slo 
100 1 |a Šimková, Barbora  |u 041000  |4 aut  |U FCHPT Fakulta chemickej a potravinárskej technológie  |T FCHPT Ústav analytickej chémie  |X 93497  |U C1000  |Y 99  |7 93497 
242 0 1 |a Selection of suitable sorbets for extraction of panthenol from complex samples for subsequent separation by high performance liquid chromatography  |y eng 
245 1 0 |a Výber vhodného sorbentu pre extrakciu pantenolu zo zložitých vzoriek pre následnú separáciu vysokoúčinnou kvapalinovou chromatografiou 
260 |c 2020 
650 4 |a sorbent  |2 slo 
650 4 |a pantenol  |2 slo 
650 4 |a enantioméry  |2 slo 
650 4 |a HPLC  |2 slo 
650 4 |a extrakcia tuhou fázou  |2 slo 
650 4 |a sorbent  |2 eng 
650 4 |a solid phase extraction  |2 eng 
650 4 |a panthenol  |2 eng 
650 4 |a enantiomers  |2 eng 
650 4 |a HPLC  |2 eng 
700 1 |a Hroboňová, Katarína  |u 041000  |k Z1  |4 ths  |U FCHPT Fakulta chemickej a potravinárskej technológie  |T FCHPT Ústav analytickej chémie  |X 3931  |U C1000  |Y 99  |7 A000003931 
856 4 |u http://is.stuba.sk/zp/portal_zp.pl?podrobnosti=144974